UBT Library

Psychoanalysis : (Record no. 41667)

000 -LEADER
fixed length control field 00675nam a2200229 a 4500
001 - CONTROL NUMBER
control field 655964
005 - DATE AND TIME OF LATEST TRANSACTION
control field 20180202075515.0
008 - FIXED-LENGTH DATA ELEMENTS--GENERAL INFORMATION
fixed length control field 941212r1981 nju b 000 0 eng
010 ## - LIBRARY OF CONGRESS CONTROL NUMBER
LC control number 94072518
020 ## - INTERNATIONAL STANDARD BOOK NUMBER
International Standard Book Number 1568213425
040 ## - CATALOGING SOURCE
Original cataloging agency DLC
Transcribing agency DLC
041 ## - LANGUAGE CODE
Language code of text/sound track or separate title eng
080 ## - UNIVERSAL DECIMAL CLASSIFICATION NUMBER
Universal Decimal Classification number 616.8917023 MAL
082 00 - DEWEY DECIMAL CLASSIFICATION NUMBER
Classification number 616.8917023 MAL
Edition number 20
100 1# - Rafti
Rafti 49
101 ## - Shkurtesa
Shkurtesa PSI
245 10 - TITLE STATEMENT
Title Psychoanalysis :
Statement of responsibility, etc by Janet Malcolm.
504 ## - BIBLIOGRAPHY, ETC. NOTE
Bibliography, etc Includes bibliographical references (p. 169-174).
906 ## - LOCAL DATA ELEMENT F, LDF (RLIN)
a 7
b cbc
c orignew
d 2
e opcn
f 19
g y-gencatlg
942 ## - ADDED ENTRY ELEMENTS (KOHA)
Source of classification or shelving scheme
Item type Books
Holdings
Withdrawn status Lost status Source of classification or shelving scheme Damaged status Not for loan Collection code Permanent location Current location Shelving location Date acquired Total Checkouts Full call number Barcode Date last seen Price effective from Koha item type
          Koleksioni i përgjithshem UBT - Lipjan UBT - Lipjan Koleksioni i përgjithshem 02/02/2018   616.8917023 MAL 002-2997470 02/02/2018 02/02/2018 Books
UBT Library © 2015-2024. All rights reserved University Education for Business and Technology